Philippines Logos by Picture - Statistics

General Stats
  • This quiz has been taken 8,373 times
  • The average score is 16 of 19
Answer Stats
Picture Answer % Correct
Adidas
97%
Shell
97%
Sprite
96%
Starbucks
93%
Coca-Cola
91%
Dove
91%
Samsung
90%
Nike
88%
McDonald's
87%
Nestle
87%
Tide
87%
Dunkin Donuts
86%
Pampers
86%
Burger King
85%
Gatorade
84%
Mountain Dew
83%
Lipton
81%
Knorr
79%
Walmart
54%
No matching quizzes found
Score Distribution
Percent of People with Each Score
Percentile by Number Answered
Your Score History
You have not taken this quiz